Top 25 Most Famous Countries - Statistics

General Stats
  • This quiz has been taken 353 times
    284 since last reset
  • The average score is 19 of 25
Answer Stats
# Answer % Correct
3 China
98%
4 United Kingdom
98%
1 United States
98%
5 France
97%
2 Russia
97%
12 India
95%
7 Germany
94%
8 Japan
94%
18 Mexico
94%
19 Spain
94%
10 Canada
93%
15 Italy
93%
13 Brazil
92%
17 Australia
91%
9 Iran
77%
14 Iraq
71%
11 Saudi Arabia
68%
6 Israel
64%
25 Netherlands
64%
21 Colombia
52%
16 Afghanistan
51%
24 North Korea
48%
23 Syria
48%
20 Venezuela
40%
22 Singapore
37%
No matching quizzes found
Score Distribution
Percent of People with Each Score
Percentile by Number Answered
Your Score History
You have not taken this quiz since the last reset